000 00890nam a22002051 4500
001 180102
003 ES-MaACL
005 20230906221010.0
008 120417s1947 sp |||| | spa d
100 1 _aBadia i Margarit, Antoni M.
_924542
245 1 4 _aLos complementos pronominalo-adverbiales derivados de ibi e inde en la península ibérica /
_cpor Antonio Mª Badia Margarit.
260 _aMadrid :
_bConsejo Superior de Investigaciones Científicas, Patronato "Menéndez y Pelayo", Instituto "Antonio de Nebrija",
_c1947 (
_fS. Aguirre, imp.)
300 _a281 p. ;
_c24 cm.
490 1 _aAnejos de la "Revista de filología española" ;
_v38
650 4 _aLengua española-
_xGramática.
_914161
710 2 _aInstituto Antonio de Nebrija.
_94795
830 1 _aAnejos de la "Revista de filología española" ;
_v38
_9191161
852 4 _aES-MaACL
_jE-15385
999 _c180102
_d180102